[Event "Titled Tuesday intern op 19th Sep Late"]
[Site "Chess.com INT"]
[Date "2023.09.19"]
[Round "1"]
[White "Swicarz, Maciej"]
[Black "Vakhlamov, Igor L"]
[Result "0-1"]
[WhiteElo "2261"]
[BlackElo "2413"]
[PlyCount "54"]
[EventDate "2023.09.19"]
[EventType "swiss (blitz)"]
[EventRounds "11"]
[EventCountry "USA"]
[SourceTitle "EXT 2024"]
[Source "ChessBase"]
[SourceDate "2023.10.10"]
[SourceVersion "1"]
[SourceVersionDate "2023.10.10"]
[SourceQuality "1"]

1. e4 c5 2. Nf3 e6 3. b3 Nc6 4. Bb2 a6 5. d4 cxd4 6. Nxd4 Qf6 7. Be2 Bc5 8. c3 Nge7 9. 0-0 0-0 10. Na3 b5 11. Nac2 Bb7 12. Re1 Qg6 13. c4 b4 14. Bf1 Rad8 15. Qe2 f5 16. Rad1 fxe4 17. Nxc6 Bxc6 18. Bd4 Bd6 19. c5 Bb8 20. Nxb4 Bb7 21. Nxa6 Bf4 22. Be3 Be5 23. Bd4 Bf4 24. Be3 Nd5 25. Bxf4 Nxf4 26. Qe3 Bxa6 27. Qxe4 Nh3+ 0-1

[Event "Titled Tuesday intern op 12th Sep Late"]
[Site "Chess.com INT"]
[Date "2023.09.12"]
[Round "9"]
[White "Hercegovac, Neven"]
[Black "Swicarz, Maciej"]
[Result "0-1"]
[WhiteElo "2207"]
[BlackElo "2261"]
[PlyCount "150"]
[EventDate "2023.09.12"]
[EventType "swiss (blitz)"]
[EventRounds "11"]
[EventCountry "USA"]
[SourceTitle "EXT 2024"]
[Source "ChessBase"]
[SourceDate "2023.10.10"]
[SourceVersion "1"]
[SourceVersionDate "2023.10.10"]
[SourceQuality "1"]

1. d4 Nf6 2. Bf4 d5 3. e3 c5 4. Nf3 Nc6 5. Nbd2 cxd4 6. exd4 Bg4 7. c3 e6 8. Qb3 Qc8 9. Bd3 Be7 10. 0-0 Bh5 11. a3 Bg6 12. Bxg6 hxg6 13. Rfe1 Kf8 14. Ne5 Nxe5 15. dxe5 Nd7 16. h3 Qc6 17. c4 Nb6 18. cxd5 Qxd5 19. Qg3 Rd8 20. Ne4 Rh5 21. Nd6 Bxd6 22. exd6 Nc4 23. Red1 Qb5 24. b3 Nb6 25. a4 Qb4 26. d7 Kg8 27. a5 Nd5 28. Bd6 Qb5 29. Rac1 Qxd7 30. Bf4 Qe7 31. Be3 a6 32. Bb6 Re8 33. Bc7 Qd7 34. Bb6 Qb5 35. Bc5 Rf5 36. b4 Nxb4 37. Bxb4 Qxb4 38. Rc7 Rxa5 39. Rdd7 Rf5 40. Rxb7 Qe1+ 41. Kh2 Qxf2 42. Qxf2 Rxf2 43. Ra7 Rf6 44. Rxa6 Rc8 45. Rad6 g5 46. Rd8+ Rxd8 47. Rxd8+ Kh7 48. Kg3 Kg6 49. Re8 Rf4 50. Re7 Ra4 51. Re8 Ra3+ 52. Kf2 Kf5 53. Rg8 g6 54. Re8 g4 55. hxg4+ Kxg4 56. Rf8 f5 57. Rf6 Kg5 58. Rxe6 Ra2+ 59. Kf3 Ra3+ 60. Kf2 Kh5 61. Re8 g5 62. Rf8 Kg4 63. Re8 Ra2+ 64. Kg1 f4 65. Rg8 Ra5 66. Rg7 Kg3 67. Kf1 Ra1+ 68. Ke2 Ra2+ 69. Kf1 Rf2+ 70. Ke1 Rxg2 71. Rxg5+ Kf3 72. Rf5 Rg1+ 73. Kd2 Rf1 74. Ra5 Kg2 75. Rg5+ Kf2 0-1

[Event "Titled Tuesday intern op 12th Sep Early"]
[Site "Chess.com INT"]
[Date "2023.09.12"]
[Round "11"]
[White "Skliarov, Viktor"]
[Black "Swicarz, Maciej"]
[Result "1-0"]
[WhiteElo "2366"]
[BlackElo "2261"]
[PlyCount "61"]
[EventDate "2023.09.12"]
[EventType "swiss (blitz)"]
[EventRounds "11"]
[EventCountry "USA"]
[SourceTitle "EXT 2024"]
[Source "ChessBase"]
[SourceDate "2023.10.10"]
[SourceVersion "1"]
[SourceVersionDate "2023.10.10"]
[SourceQuality "1"]

1. e4 c5 2. Nf3 d6 3. d4 cxd4 4. Qxd4 Nc6 5. Bb5 Bd7 6. Bxc6 Bxc6 7. Nc3 Nf6 8. Bg5 e6 9. 0-0-0 Be7 10. Rhe1 h6 11. Bh4 0-0 12. Kb1 Qa5 13. Qd2 Qa6 14. Nd4 Rfc8 15. f3 b5 16. Bf2 b4 17. Nce2 Rab8 18. g4 Nd7 19. h4 Ne5 20. b3 Bb5 21. g5 hxg5 22. hxg5 Bxe2 23. Rxe2 Rc3 24. f4 Nf3 25. Nxf3 Rxf3 26. Rh1 Rc8 27. Be1 f5 28. g6 Bf6 29. e5 dxe5 30. Reh2 Kf8 31. Qd7 1-0

[Event "Titled Tuesday intern op 12th Sep Early"]
[Site "Chess.com INT"]
[Date "2023.09.12"]
[Round "6"]
[White "Swicarz, Maciej"]
[Black "Goswami, Vedant"]
[Result "1-0"]
[WhiteElo "2261"]
[BlackElo "2034"]
[PlyCount "75"]
[EventDate "2023.09.12"]
[EventType "swiss (blitz)"]
[EventRounds "11"]
[EventCountry "USA"]
[SourceTitle "EXT 2024"]
[Source "ChessBase"]
[SourceDate "2023.10.10"]
[SourceVersion "1"]
[SourceVersionDate "2023.10.10"]
[SourceQuality "1"]

1. e4 c6 2. Nc3 d5 3. Qe2 d4 4. Nd1 e5 5. d3 Bd6 6. g3 Ne7 7. Bg2 c5 8. f4 Nbc6 9. Nf3 Qc7 10. f5 f6 11. 0-0 Bd7 12. b3 b5 13. a4 bxa4 14. Rxa4 Nb4 15. Ra1 a5 16. Nb2 Bb5 17. Na4 Nec6 18. Ne1 Na7 19. Qh5+ Ke7 20. Bd2 Nc8 21. Bxb4 axb4 22. Qg4 Kf7 23. Qh5+ Ke7 24. Nf3 Bxa4 25. Rxa4 Rxa4 26. bxa4 Nb6 27. Ra1 c4 28. Nh4 cxd3 29. cxd3 Qc3 30. Rd1 Qc2 31. Bf3 b3 32. Ng6+ hxg6 33. Qxh8 Kd7 34. Qxg7+ Kc6 35. a5 Na4 36. a6 Nc5 37. a7 b2 38. a8Q+ 1-0

[Event "Titled Tuesday intern op 12th Sep Early"]
[Site "Chess.com INT"]
[Date "2023.09.12"]
[Round "9"]
[White "Swicarz, Maciej"]
[Black "Nasuta, Grzegorz"]
[Result "1-0"]
[WhiteElo "2261"]
[BlackElo "2579"]
[PlyCount "139"]
[EventDate "2023.09.12"]
[EventType "swiss (blitz)"]
[EventRounds "11"]
[EventCountry "USA"]
[SourceTitle "EXT 2024"]
[Source "ChessBase"]
[SourceDate "2023.10.10"]
[SourceVersion "1"]
[SourceVersionDate "2023.10.10"]
[SourceQuality "1"]

1. e4 c5 2. Nc3 a6 3. Nf3 d6 4. a4 Nf6 5. Bc4 e6 6. 0-0 Be7 7. d3 0-0 8. Bg5 Nc6 9. Re1 Ng4 10. Bxe7 Qxe7 11. d4 cxd4 12. Nxd4 Qh4 13. Nxc6 bxc6 14. Qxd6 Qxf2+ 15. Kh1 Ne3 16. Bf1 Nxf1 17. Rxf1 Qxc2 18. Qxc6 Rb8 19. Qc4 Qb3 20. Qxb3 Rxb3 21. Rf2 Bb7 22. Rd1 h6 23. Rd7 Rb4 24. h3 Bxe4 25. Nxe4 Rxe4 26. b3 Re5 27. Rd6 a5 28. Rb6 Rc8 29. Rb7 f5 30. Rd2 Re3 31. Kh2 Kh8 32. Rdd7 Rg8 33. Rb5 Rc3 34. Re7 f4 35. Rxe6 Rc2 36. Rf5 Rd8 37. Rxf4 Rc3 38. Rb6 Rdd3 39. Rb5 Rxb3 40. Rxa5 Ra3 41. Ra7 Rd5 42. Rg4 Rg5 43. Rxg5 hxg5 44. a5 Kh7 45. a6 Kh6 46. Kg1 Ra2 47. Kf1 Kg6 48. Ra8 Kh7 49. g4 Kg6 50. Ke1 Ra3 51. Kd2 Rxh3 52. Kc2 Ra3 53. Kb2 Ra4 54. Kb3 Ra5 55. Kb4 Ra1 56. Kb5 Kf6 57. Re8 Kf7 58. Re2 Rb1+ 59. Kc6 Rc1+ 60. Kb7 Rb1+ 61. Ka8 Rb4 62. a7 Rxg4 63. Rb2 Ra4 64. Kb7 Ke6 65. Rb6+ Ke5 66. Ra6 Rb4+ 67. Kc7 Rc4+ 68. Kd7 Rd4+ 69. Ke7 Kf4 70. a8Q 1-0

[Event "Titled Tuesday intern op 12th Sep Late"]
[Site "Chess.com INT"]
[Date "2023.09.12"]
[Round "2"]
[White "Swicarz, Maciej"]
[Black "Suleymanli, Aydin Elshan"]
[Result "0-1"]
[WhiteElo "2261"]
[BlackElo "2588"]
[PlyCount "64"]
[EventDate "2023.09.12"]
[EventType "swiss (blitz)"]
[EventRounds "11"]
[EventCountry "USA"]
[SourceTitle "EXT 2024"]
[Source "ChessBase"]
[SourceDate "2023.10.10"]
[SourceVersion "1"]
[SourceVersionDate "2023.10.10"]
[SourceQuality "1"]

1. e4 c5 2. Nc3 a6 3. Nf3 Nc6 4. d4 cxd4 5. Nxd4 e6 6. Be2 Qc7 7. 0-0 Nf6 8. Bg5 Bd6 9. g3 Be5 10. Nxc6 Qxc6 11. Bxf6 Bxf6 12. Qd3 b5 13. f4 Bb7 14. Bf3 Bxc3 15. bxc3 Rc8 16. Rfd1 0-0 17. Kg2 Qxc3 18. Qxd7 Rc7 19. Qd6 Qxc2+ 20. Rd2 Qc3 21. Rb1 g6 22. h4 h5 23. a4 bxa4 24. Rxb7 Rxb7 25. f5 Rb2 26. Rxb2 Qxb2+ 27. Kh3 Qf6 28. g4 hxg4+ 29. Bxg4 gxf5 30. exf5 Rd8 31. Qxa6 Qc3+ 32. Bf3 Qxf3+ 0-1

[Event "Titled Tuesday intern op 22nd Aug Late"]
[Site "Chess.com INT"]
[Date "2023.08.22"]
[Round "7"]
[White "Akhayan, Ruben"]
[Black "Swicarz, Maciej"]
[Result "0-1"]
[WhiteElo "2249"]
[BlackElo "2261"]
[PlyCount "54"]
[EventDate "2023.08.22"]
[EventType "swiss (blitz)"]
[EventRounds "11"]
[EventCountry "USA"]
[SourceTitle "EXT 2024"]
[Source "ChessBase"]
[SourceDate "2023.10.10"]
[SourceVersion "1"]
[SourceVersionDate "2023.10.10"]
[SourceQuality "1"]

1. e4 c5 2. Nf3 d6 3. d4 cxd4 4. Nxd4 Nf6 5. Nc3 a6 6. Bc4 e6 7. Bb3 b5 8. 0-0 Be7 9. f4 0-0 10. e5 dxe5 11. fxe5 Nfd7 12. Be3 Nxe5 13. Qh5 Ng6 14. Rf3 Nd7 15. Nxe6 fxe6 16. Bxe6+ Kh8 17. Rh3 Nf6 18. Qxg6 Bxe6 19. Rh4 Bg8 20. Rd1 Qe8 21. Qg3 b4 22. Ne4 Nd5 23. Bd4 Qf7 24. Rh5 Nf6 25. Nxf6 Bxf6 26. Rf5 Bxd4+ 27. Rxd4 Qxf5 0-1

[Event "Titled Tuesday intern op 22nd Aug Late"]
[Site "Chess.com INT"]
[Date "2023.08.22"]
[Round "5"]
[White "Swicarz, Maciej"]
[Black "Feliz Dotel, Dewar Bienvenido"]
[Result "1-0"]
[WhiteElo "2261"]
[BlackElo "1984"]
[PlyCount "107"]
[EventDate "2023.08.22"]
[EventType "swiss (blitz)"]
[EventRounds "11"]
[EventCountry "USA"]
[SourceTitle "EXT 2024"]
[Source "ChessBase"]
[SourceDate "2023.10.10"]
[SourceVersion "1"]
[SourceVersionDate "2023.10.10"]
[SourceQuality "1"]

1. e4 e5 2. Nf3 Nc6 3. c3 Nf6 4. d4 Nxe4 5. d5 Nb8 6. Nxe5 Qe7 7. Qd4 Nf6 8. Be2 d6 9. Nf3 c5 10. dxc6 Nxc6 11. Qa4 Bd7 12. Qb3 Bg4 13. 0-0 Qd7 14. Be3 Be7 15. Nbd2 0-0 16. h3 Bh5 17. Rad1 Qc7 18. Bf4 Ne5 19. Rfe1 Rfe8 20. Bg3 Rad8 21. Nxe5 dxe5 22. Bxh5 Nxh5 23. Bxe5 Qc6 24. Nf3 Bd6 25. Bxd6 Rxe1+ 26. Nxe1 Rxd6 27. Rxd6 Qxd6 28. Qxb7 h6 29. Qxa7 Nf4 30. Qe3 Qb8 31. b3 Ne6 32. c4 Qa8 33. Qd2 Qe4 34. Nf3 Nf4 35. Qe3 Qb1+ 36. Kh2 g5 37. g3 Ng6 38. Qe2 Qa1 39. c5 Qc3 40. Qe3 Qc2 41. b4 Qxa2 42. b5 Qd5 43. b6 f5 44. Nd4 f4 45. Qe6+ Qxe6 46. Nxe6 fxg3+ 47. fxg3 Kf7 48. b7 Kxe6 49. b8Q Ne7 50. Qe8 Kf6 51. Qf8+ Ke6 52. Qxh6+ Kd5 53. Qxg5+ Kc6 54. Qxe7 1-0